000 00431nam a2200157Ia 4500
003 GCL
008 140319s9999 xx 000 0 eng d
040 _aGCL /
_cGCL
082 0 4 _aCH
_b507
_bD E
100 1 _aDORLING, KINDERSLEY
245 1 0 _aTHE VISUAL DICTIONARY OF DINOSAURS /
_cDORLING, KINDERSLEY
260 _a[S.N] :
_bDORLING KINDERSLEY
650 0 4 _aSCIENCE
650 0 4 _aENYCLOPEDIAS AND DICTIONARIES
942 _2ddc
_cBK
999 _c19026
_d19026